[Event "KOS-chT"]
[Site "Pristina"]
[Date "2025.05.29"]
[Round "7.11"]
[White "Kryeziu, Besim"]
[Black "Sejdiu, Bekim"]
[Result "1/2-1/2"]
[WhiteElo "2064"]
[BlackElo "2043"]
[PlyCount "142"]
[EventDate "2025.05.24"]
[EventType "team-tourn"]
[EventRounds "7"]
[EventCountry "KOS"]
[SourceTitle "CB23_2025"]
[SourceDate "2025.06.04"]
[SourceVersion "1"]
[SourceVersionDate "2025.06.04"]
[SourceQuality "1"]
[WhiteTeam "Prizreni"]
[BlackTeam "Ferizaji"]
[WhiteTeamCountry "KOS"]
[BlackTeamCountry "KOS"]

1. d4 d5 2. c4 e6 3. Nf3 Nf6 4. Nc3 c6 5. Ne5 Be7 6. Bg5 Nbd7 7. e3 Nxe5 8. dxe5 Nd7 9. Bxe7 Qxe7 10. cxd5 exd5 11. Be2 Nxe5 12. 0-0 0-0 13. Qc2 Be6 14. Na4 Nd7 15. b3 Rac8 16. Rfd1 Rfd8 17. Rac1 g6 18. Qc3 b6 19. Nb2 Nc5 20. Nd3 Nxd3 21. Bxd3 c5 22. Qe5 Qd6 23. Qg5 Kg7 24. f4 f5 25. Rf1 Qf8 26. g4 Qf6 27. gxf5 Bxf5 28. Bxf5 Qxf5 29. Qe7+ Qf7 30. Qg5 Qf6 31. Qg2 Qe6 32. Rf3 Rf8 33. Rcf1 Rf5 34. Qb2+ Qf6 35. Qc2 Re8 36. Rg3 d4 37. Qd3 dxe3 38. Rxe3 Rxe3 39. Qxe3 Qd4 40. Qxd4+ cxd4 41. Kg2 Rc5 42. Rd1 Rc2+ 43. Kg3 Rxa2 44. Rxd4 Ra3 45. Rb4 Kf6 46. h3 Ra1 47. Rd4 Rc1 48. Rd3 b5 49. Kf3 b4 50. Rd6+ Kf5 51. Rd5+ Ke6 52. Ra5 Rc3+ 53. Ke4 Rxh3 54. Ra6+ Kd7 55. Kd5 Ke7 56. Rxa7+ Kf6 57. Kc4 Rh4 58. Kxb4 Rxf4+ 59. Kc5 h5 60. b4 Rf1 61. b5 Rc1+ 62. Kd5 Rb1 63. Kc5 h4 64. b6 g5 65. b7 Ke5 66. Kc6 Kf4 67. Ra4+ Kg3 68. Ra5 Rxb7 69. Rxg5+ Kf4 70. Rh5 Kg4 71. Rxh4+ Kxh4 1/2-1/2

[Event "KOS-chT"]
[Site "Pristina"]
[Date "2025.05.27"]
[Round "5.11"]
[White "Kryeziu, Besim"]
[Black "Saraci, Korab"]
[Result "1/2-1/2"]
[WhiteElo "2064"]
[BlackElo "2179"]
[PlyCount "102"]
[EventDate "2025.05.24"]
[EventType "team-tourn"]
[EventRounds "7"]
[EventCountry "KOS"]
[SourceTitle "CB23_2025"]
[SourceDate "2025.06.04"]
[SourceVersion "1"]
[SourceVersionDate "2025.06.04"]
[SourceQuality "1"]
[WhiteTeam "Prizreni"]
[BlackTeam "Dardania"]
[WhiteTeamCountry "KOS"]
[BlackTeamCountry "KOS"]

1. e4 c5 2. Nf3 d6 3. Nc3 Nf6 4. d4 cxd4 5. Nxd4 g6 6. Bg5 Bg7 7. Be2 0-0 8. Qd2 Nc6 9. h4 h5 10. f3 Nxd4 11. Qxd4 Be6 12. Qe3 Qa5 13. Bh6 Rac8 14. Bxg7 Kxg7 15. Qd4 Kg8 16. a3 Rc6 17. 0-0 Rfc8 18. Bd3 Nd7 19. f4 Qb6 20. Qxb6 Nxb6 21. f5 gxf5 22. exf5 Bc4 23. Rae1 Kf8 24. Rf4 Rc5 25. Re3 Re5 26. Rg3 f6 27. Be4 Bd5 28. Bd3 Bf7 29. Nb5 a6 30. Nd4 Re1+ 31. Rf1 Rxf1+ 32. Kxf1 Na4 33. Ne6+ Ke8 34. Be4 b5 35. b3 Nc5 36. Bd5 a5 37. c4 b4 38. axb4 axb4 39. Ke2 Bxe6 40. Bxe6 Nxe6 41. fxe6 Kf8 42. Rd3 Ra8 43. Kf3 Ra5 44. Rd5 Ra3 45. Rd3 Kg7 46. Ke4 Ra5 47. Rd5 Ra3 48. Rd3 Ra5 49. Rd5 Ra3 50. Rd3 Ra5 51. Rd5 Ra3 1/2-1/2